000 00403nam a22001697a 4500
999 _c10506
_d10506
003 OSt
008 210223b ||||| |||| 00| 0 eng d
020 _a9781612680194
082 _a332.024 KIR
100 _aKIYOSAKI, Robert
245 _aRich dad Poor Dad
250 _a20th Imp.
260 _aNew Delhi
_bPlata Publishing
_c2017
300 _a352
650 _aGeneral Books
942 _2ddc
_cBK
_021